000 00301 a2200145 4500
001 160132
020 _a
040 _cMagnum
100 _a-
240 1 0 _aJunji o pequeno samurai/edelbra
_lpor
245 1 0 _aJunji o pequeno samurai/edelbra
362 0 _a1899
697 _aIJ/GERAL
942 _cBK
999 _c160132
_d160132